The disappearance of telecommunications /
Gorde:
| Egile nagusia: | |
|---|---|
| Beste egile batzuk: | , |
| Formatua: | Sách giấy |
| Hizkuntza: | English Italian |
| Argitaratua: |
New York :
IEEE Press,
2000
|
| Gaiak: | |
| Etiketak: |
Etiketa erantsi
Etiketarik gabe, Izan zaitez lehena erregistro honi etiketa jartzen!
|
| Thư viện lưu trữ: | Thư viện Trường Đại học Đà Lạt |
|---|
| LEADER | 01167nam a2200397 4500 | ||
|---|---|---|---|
| 001 | DLU060057535 | ||
| 005 | ##20061212 | ||
| 008 | ##991008s2000 nyu b 001 0 eng | ||
| 010 | # | # | |a 99052048 |
| 020 | # | # | |z 0780353870 |
| 040 | # | # | |a DLC |c DLC |
| 041 | # | # | |a eng |h ita |
| 042 | # | # | |a pcc |
| 050 | # | # | |a HE7631 |b .S2713 2000 |
| 082 | # | # | |a 384 |b SA-R |
| 100 | # | # | |a Saracco, R. |
| 240 | # | # | |a Scomparsa delle telecomunicazioni. |l English |
| 245 | # | # | |a The disappearance of telecommunications / |c Roberto Saracco, Jeffrey R. Harrow, Robert Weihmayer. |
| 260 | # | # | |a New York : |b IEEE Press, |c 2000 |
| 300 | # | # | |a xvii, 156 p. : |b col. ill. ; |c 26 cm |
| 504 | # | # | |a Includes bibliographical references and index. |
| 650 | # | # | |a Information society |v Popular works. |
| 650 | # | # | |a Telecommunication |v Popular works. |
| 650 | # | # | |a Telematics |v Popular works. |
| 700 | # | # | |a Harrow, Jeffrey R., |d 1949- |
| 700 | # | # | |a Weihmayer, Robert, |d 1953- |
| 923 | # | # | |a 30/2006 |
| 992 | # | # | |a 9000 |
| 994 | # | # | |a DLU |
| 900 | # | # | |a True |
| 911 | # | # | |a Đào Thị Thu Huyền |
| 925 | # | # | |a G |
| 926 | # | # | |a A |
| 927 | # | # | |a SH |
| 980 | # | # | |a Thư viện Trường Đại học Đà Lạt |


